| 000 | 00730cam a2200253 a 4500 | ||
|---|---|---|---|
| 999 |
_c8989 _d8989 |
||
| 001 | 393983 | ||
| 003 | GBCCL | ||
| 005 | 20241126110703.0 | ||
| 008 | 810324s1980 ilu b 000 0 eng | ||
| 010 | _a 79066818 | ||
| 020 |
_a0842372857 (pbk.) : _c$2.95 |
||
| 040 |
_aDLC _cDLC _dDLC |
||
| 050 | 0 | 0 |
_aBV4526.2 _b.H5 |
| 082 | 0 | 0 |
_a249 _219 _bHIN |
| 100 | 1 |
_aHindson, Edward E. _91732 |
|
| 245 | 1 | 4 |
_aThe total family / _cEdward E. Hindson. |
| 260 |
_aWheaton, Ill. : _bTyndale House, _cc1980. |
||
| 300 |
_a119 p. ; _c21 cm. |
||
| 504 | _aBibliography: p. 117-119. | ||
| 505 | _aMissing pages till 22 | ||
| 650 | 0 |
_aFamilies _xReligious life. _91360 |
|
| 906 |
_a7 _bcbc _corignew _d2 _eopcn _f19 _gy-gencatlg |
||
| 942 |
_2ddc _cBK _01 |
||